00645nam a2200181Ia 4500008004100000020002200041041000800063082001400071100001800085245002100103250001100124260004700135300001000182500001800192650001500210999002100225952021700246260520s2025 xx 000 0 und d a978-93-95161-96-1 aeng a519.5/AGA aAgarwal ,B.L. aBasic Statistics a8th ed aNew DelhibNew Age International Pubc2025 a828p. aCat No: 14975 aSTATISTICS c1221781d1221781 001040708CaPKSbPKSc2d2026-04-06eBharati Madhyavarti Sahakari Grahak Bhandar, Pune (Best Book Supplier, Kolhapur)g650.00l0o519.5/AGApPKS-25153r2026-05-20 00:00:00w2026-05-20yBKzGeneral book section